书目信息 |
| 题名: |
行政法学
|
|
| 作者: | 罗豪才 主编 | |
| 分册: | ||
| 出版信息: | 北京 北京大学出版社 2001.5 |
|
| 页数: | 350页 | |
| 开本: | 26cm | |
| 丛书名: | 21世纪法学系列教材 | |
| 单 册: | ||
| 中图分类: | D922.11 | |
| 科图分类: | ||
| 主题词: | 行政法--法学--中国 | |
| 电子资源: | ||
| ISBN: | 7-301-03401-6 | |
| 000 | 00631nam0 2200217 45 | |
| 001 | 0211181409 | |
| 005 | 20031219104100.5 | |
| 010 | @a7-301-03401-6@dCNY29.00 | |
| 100 | @a20021118d2001 km y0chiy0120 ea | |
| 101 | 0 | @achi |
| 105 | @a j 000yy | |
| 200 | 1 | @a行政法学@AXing Zheng Fa Xue@f罗豪才主编@FLuo Hao Cai Zhu Bian |
| 210 | @a北京@c北京大学出版社@d2001.5 | |
| 215 | @a350页@d26cm | |
| 225 | @a21世纪法学系列教材@i基础课系列 | |
| 410 | @12001 @a21世纪法学系列教材 | |
| 606 | 0 | @a行政法@x法学@y中国 |
| 690 | @aD922.11@v4 | |
| 701 | 0 | @a罗豪才@4主编 |
| 801 | @aCN@bTSTC@c20021118 | |
| 905 | @b317632-636@dD922.11@e300@f5 | |
| 行政法学/罗豪才主编.-北京:北京大学出版社,2001.5 |
| 350页;26cm.-(21世纪法学系列教材.基础课系列) |
| ISBN 7-301-03401-6:CNY29.00 |
| ● |
| 相关链接 |
|
|
|
|
正题名:行政法学
索取号:D922.11/300
 
预约/预借
| 序号 | 登录号 | 条形码 | 馆藏地/架位号 | 状态 | 备注 |
| 1 | 0317632 | 203176320 | 第一借阅区/ [索取号:D922.11/300] | 在馆 | |
| 2 | 0317633 | 203176339 | 第一借阅区/ [索取号:D922.11/300] | 在馆 | |
| 3 | 0317634 | 203176348 | 第一借阅区/ [索取号:D922.11/300] | 在馆 | |
| 4 | 0317635 | 203176357 | 第一借阅区/ [索取号:D922.11/300] | 在馆 | |
| 5 | 0317636 | 203176366 | 第一样本阅览室/ [索取号:D922.11/300] | 在馆 |